000 01518nam0a22003371 4500
001 rc\2218410
005 20260407071447.0
035 _a(NLR Aleph) 006520654
090 _a6426521
_c6426521
100 _a20110826d1978 |||y0rusy50 ca
101 1 _arus
_cfre
102 _aRU
105 _aa z |||||
200 1 _aИзбранное
_eПер. с фр.
_fРомен Роллан
_g[Сост. и авт. вступ. статьи Т. Мотылева, с. 3-22]
210 _aМосква
_cДет. лит.
_d1978
215 _a384 с., 9 л. ил.
_d20
327 1 _aСодерж.: Из романа "Жан-Кристоф"; Кола Брюньон; Пьер и Люс; Из "Жизни Толстого"; Письмо Жан-Ришару Блоку
464 0 _12001#$aЖан-Кристоф$aКола Брюньон$aПьер и Люс$aЖизнь Толстого$aПисьмо Жан-Ришару Блоку
_tПисьмо Жан-Ришару Блоку
686 _aШ9(2)72(4Фр)
_2rubbk
686 _aШ5(4Фр)61-644
_2rubbk
700 1 _8rus
_7ca
_aРоллан
_bР.
_f1866-1944
_gРомен
_3RU\NLR\AUTH\7713146
_9122847
702 1 _4570
_7ca
_8rus
_aМотылева
_bТ. Л.
_f1910-1992
_gТамара Лазаревна
_3RU\NLR\AUTH\770278691
_92650658
801 0 _aRU
_bNLR
_gpsbo
801 1 _aRU
_bELAR
_2rusmarc
801 2 _aRU
_bNLR
_c20140424
_2rusmarc
852 _aNLR
_j78-3/10465
899 _aRuMoRGB
_jБ 78-46/431
899 _aRuMoRGB
_jБ 78-46/432
942 _cBOOK
980 _aNB